Statistics for Monaco Quiz

Click here to take the quiz!

General Stats

  • This quiz has been taken 150 times
  • The average score is 5 of 7

Answer Stats

QuestionAnswer% Correct
Mainly bordered by which country?France
100%
The only country that is smaller than Monaco?Vatican City
93%
Currency of Monaco?Euro
91%
Largest city?Monte Carlo
75%
Monaco's flag is similar to which other country?Indonesia
65%
The famous race that takes place at Monaco?Monaco Grand Prix
56%
Monaco based football team that plays in Ligue 1As Monaco
56%

Score Distribution

Percentile by Number Answered

Percent of People with Each Score

Your Score History

You have not taken this quiz